| 000 | 00399 a2200133 4500 | ||
|---|---|---|---|
| 005 | 20250505113047.0 | ||
| 020 | _a0-916688-13-5 | ||
| 082 | _aLECT 001.642 ROG | ||
| 100 | _aROGOWSKI, S, J. | ||
| 245 | _aProblems for Computer Solution | ||
| 260 |
_aNew Jersey, _bCreative Computing Press, _c1979. |
||
| 300 |
_aiv,106p.: ill.; graphs, figures, pictures, tables, _bBibliography, _c27cm |
||
| 942 |
_2ddc _cBKS |
||
| 999 |
_c1911 _d1911 |
||